[Event "Oslo Sveins op 5th"]
[Site "Oslo"]
[Date "2012.06.22"]
[Round "8"]
[White "Ednoy, Halvard"]
[Black "Johansen, Stian"]
[Result "1-0"]
[WhiteElo "2286"]
[BlackElo "1997"]
[PlyCount "39"]
[EventDate "2012.06.22"]
[EventType "swiss"]
[EventRounds "9"]
[EventCountry "NOR"]
[SourceTitle "CBM 149 Extra"]
[Source "ChessBase"]
[SourceDate "2012.08.24"]
[SourceVersion "1"]
[SourceVersionDate "2012.08.24"]
[SourceQuality "1"]

1. e4 c6 2. d4 d5 3. exd5 cxd5 4. c4 Nf6 5. Nc3 e6 6. cxd5 Nxd5 7. Nf3 Be7 8. Bd3 0-0 9. 0-0 b6 10. Nxd5 exd5 11. Ne5 g6 12. Bh6 Re8 13. Bb5 Bd7 14. Qf3 Be6 15. Bxe8 Qxe8 16. Rac1 Nd7 17. Nc6 Bd6 18. Rc3 Bf5 19. Qxd5 Qe6 20. Ne7+ 1-0

[Event "NOR-chT 0506"]
[Site "Norway"]
[Date "2005.11.06"]
[Round "2"]
[White "Ednoy, Halvard"]
[Black "Elsness, Frode"]
[Result "0-1"]
[WhiteElo "2270"]
[BlackElo "2429"]
[PlyCount "74"]
[EventDate "2005.11.01"]
[EventType "team"]
[EventRounds "2"]
[EventCountry "NOR"]
[SourceTitle "CBM 109 Extra"]
[Source "ChessBase"]
[SourceDate "2006.01.03"]
[SourceVersion "2"]
[SourceVersionDate "2006.01.03"]
[SourceQuality "1"]

1. d4 d5 2. c4 e6 3. Nc3 Nf6 4. cxd5 exd5 5. Bg5 Be7 6. e3 0-0 7. Bd3 Nbd7 8. Qc2 Re8 9. Nge2 Nf8 10. 0-0 c6 11. f3 Be6 12. Bh4 Rc8 13. Rad1 c5 14. Bf2 Qa5 15. a3 cxd4 16. Nxd4 a6 17. Kh1 Bd6 18. Qd2 Qc7 19. Rc1 Qb8 20. Bg1 Bd7 21. g4 Ne6 22. Nf5 Be5 23. Ne2 Nc5 24. Rxc5 Rxc5 25. g5 Nh5 26. f4 Bd6 27. Ned4 Bf8 28. b4 Rc7 29. Qb2 Qc8 30. Rf3 Rc3 31. Bb1 g6 32. Nh6+ Bxh6 33. gxh6 Bg4 34. Rf1 Bh3 35. Re1 Nxf4 36. exf4 Rxe1 37. Ne2 Qg4 0-1